| 000 | 01569nab a22002777a 4500 | ||
|---|---|---|---|
| 999 |
_c5268 _d5268 |
||
| 003 | OSt | ||
| 005 | 20250210101648.0 | ||
| 008 | 190603e xxum|||| |||| 00| 0 spa d | ||
| 040 | _cPJ | ||
| 100 |
_aAlferillo, Pascual E. _96323 |
||
| 245 | 1 | 3 |
_aLa tasa de interés en el resarcimiento de los daños cuando se cuantificó la deuda de valor, conforme con el art. 772 del Código Civil y Comercial / _cPascual E. Alferillo. |
| 260 |
_cCiudad Autónoma de Buenos Aires : _aThomson Reuters La Ley, _b2025. |
||
| 300 | _ap. 282-294. | ||
| 500 | _aCita Online: TR LALEY AR/DOC/43/2025. Publicado en: RCCyC 2025 (febrero) , 282. | ||
| 505 | _aSumario: I. Introducción.— II. Las directrices del fallo "Barrientos".— III. Reflexiones sobre los principios constitucionales y convencionales convergentes en la justa resolución de un pleito por resarcimiento de daños.— IV. Reflexiones conclusivas. | ||
| 505 | _aFallo Comentado: CS ~ 15/10/2024 ~ Barrientos, Gabriela Alexandra y otros c. Ocorso, Damián y otros s/daños y perjuicios (acc. trán. c. les. o muerte). | ||
| 505 | _t¿Te interesa el texto completo? Solicitalo al correo: koha@justierradelfuego.gov.ar | ||
| 650 | 0 |
_91467 _aRESPONSABILIDAD CIVIL |
|
| 650 | 0 |
_92823 _aDAÑOS Y PERJUICIOS |
|
| 650 | 0 |
_91382 _aINDEMNIZACION |
|
| 650 | 0 |
_94077 _aREPARACION INTEGRAL |
|
| 650 | 0 |
_9533 _aINTERESES |
|
| 653 | _aPROCESO SUCESORIO | ||
| 773 | 0 |
_02713 _93170 _dCiudad Autónoma de Buenos Aires : Thomson Reuters La Ley, 2015- _tRevista Código Civil y Comercial. Nº 1 - Febrero 2025 |
|
| 942 |
_2udc _cANA |
||